000 00672nam a2200241Ia 4500
003 OSt
005 20221006145337.0
006 a|||||r|||| 00| 0
007 ta
008 221006b |||||||| |||| 00| 0 eng d
020 _c
_4.50
024 _a14,532
037 _cTextual
040 _aEASL
_cEASL
_beng
041 _2eng
_aeng
082 _aO41,3G,1,1, 111J3
100 _aIRWIN Richard Gregg
_9654179
245 0 _aEvolution of a Chinese novel
_b Shui-hu-chuan
260 _aCambridge
_bHarvard University Press
_c1953
300 _a231p.
_ccm.
942 _hO41,3G,1,1, 111J3
_cTEXL
_2CC
999 _c1082618
_d1082618